01128nam a2200253 i 4500003000900000005001700009007000300026008004100029040003000070041000800100082001800108100003300126245014100159246021400300264005300514300002800567336002700595337003300622338002800655500006400683504003000747700005000777700004700827DO-SdBNP20250716133245.0ta250716s2014 dr 000 0 spa d aDO-SdBNPbspacBNPHUerda aspa 4axxxbG633222 aGómez, Wilsoneautor4aut.10aManual de derecho inmobiliario registral /cWilson Gómez ; liminar, Robinson A. Cuello Shanlatte ; prólogo, Juan Luperón Vásquez1 aManual de derecho inmobiliario registral :bestudio profundo de los aspectos y situaciones que se producen en el ámbito inmobiliario y un cuidadoso enfoque jurídico sobre los conflictos que se presentan. / 1aSanto Domingo :bEditora Amigo del Hogar,c2014. a359 páginas :c23 cm. atextobtxt2rdacontent asin mediaciónbn2rdamedia avolumenbnc2rdacarrier aIncluye datos biografícos del autor en la contraportada.  aBibliografía p: 351-359 aCuello Shanlatte, Robinson A. eliminardlim. aLuperón Vásquez, Juan eprólogo4pr.